Stueckel spaces of the electrovacuum with a two-parameter Abelian group of motions. Set of the type (2.0); Soviet Physics Journal; Vol. 26, iss. 3

Bibliografiske detaljer
Parent link:Soviet Physics Journal: Scientific Journal
Vol. 26, iss. 3.— 1983.— [P. 313-317]
Hovedforfatter: Bagrov V. G.
Andre forfattere: Obukhov V. V., Shapovalov A. V. Aleksandr Vasilyevich
Summary:Title screen
Режим доступа: по договору с организацией-держателем ресурса
Sprog:engelsk
Udgivet: 1983
Fag:
Online adgang:http://link.springer.com/article/10.1007%2FBF00895153
Format: MixedMaterials Electronisk Book Chapter
KOHA link:https://koha.lib.tpu.ru/cgi-bin/koha/opac-detail.pl?biblionumber=636659

MARC

LEADER 00000nla0a2200000 4500
001 636659
005 20250402085002.0
035 |a (RuTPU)RU\TPU\network\699 
090 |a 636659 
100 |a 20140226d1983 k||y0rusy50 ba 
101 0 |a eng 
102 |a US 
135 |a drnn ---uucaa 
181 0 |a i  
182 0 |a b 
200 1 |a Stueckel spaces of the electrovacuum with a two-parameter Abelian group of motions. Set of the type (2.0)  |f V. G. Bagrov, V. V. Obukhov, A. V. Shapovalov 
203 |a Text  |c electronic 
300 |a Title screen 
320 |a [References: p. 317 (4 tit.)] 
333 |a Режим доступа: по договору с организацией-держателем ресурса 
461 |t Soviet Physics Journal  |o Scientific Journal 
463 |t Vol. 26, iss. 3  |v [P. 313-317]  |d 1983 
610 1 |a электронный ресурс 
610 1 |a труды учёных ТПУ 
700 1 |a Bagrov  |b V. G. 
701 1 |a Obukhov  |b V. V. 
701 1 |a Shapovalov  |b A. V.  |c mathematician  |c Professor of Tomsk Polytechnic University, Doctor of physical and mathematical sciences  |f 1949-  |g Aleksandr Vasilyevich  |3 (RuTPU)RU\TPU\pers\31734 
801 2 |a RU  |b 63413507  |c 20180306  |g RCR 
856 4 |u http://link.springer.com/article/10.1007%2FBF00895153 
942 |c CF